• 首页
  • 本馆介绍
  • 公告通知
  • 最新文献
  • 馆藏检索
  • 电子资源
  • 读者导购
  • 参考咨询
  • 我的图书馆
  • 登录
  • 详细信息显示
  • 放入我的书架
  • 预约/预借图书
  • 作者相关作品
  • 分类相关作品
  • 丛书相关作品
  • 出版社相关作品

书目信息

  • 表格格式
  • 工作单格式
  • 卡片格式
题名:
巴比伦文明
    
 
作者: 冯慧娟 编
分册:  
出版信息: 长春   吉林出版集团有限责任公司  2019
页数: 157页
开本: 22cm
丛书名: 全民阅读·经典小丛书
单 册:
中图分类: K124.3
科图分类:
主题词: 文化史--wen hua shi--巴比伦
电子资源:
ISBN: 978-7-5534-7787-9
000 01066nam 2200265 45
001 012001011671
005 20141122151302.0
010    @a978-7-5534-7787-9@dCNY32.00
099    @aCAL 012016005802
100    @a20151211d2015 em y0chiy0121 ea
101 0  @achi
102    @aCN@b220000
105    @aa z 000yy
106    @ar
200 1  @a巴比伦文明@Aba bi lun wen ming@f冯慧娟编
210    @a长春@c吉林出版集团有限责任公司@d2019
215    @a157页@c图@d22cm
225 2  @a全民阅读·经典小丛书@Aquan min yue du ·jing dian xiao cong shu
330    @a在已没落的各种古代文明中, 巴比伦文明几乎是最伟大的一个文明, 这个强大的帝国给后人留下了壮观的圆形竞技场、众多精美的雕塑以及种种引人遐想的神话传说。以近几年最新的考古发现为基础, 结合最新的历史研究, 融巴比伦军事、建筑、文学、艺术等方面为一体, 呈献给广大读者一个全新的立体生动的巴比伦帝国。
410  0 @12001@a全民阅读·经典小丛书
606 0  @a文化史@Awen hua shi@y巴比伦
690    @aK124.3@v5
701  0 @a冯慧娟@Afeng hui juan@4编
801  2 @aCN@b上海新华@c20191020
905    @b1184105-8@dK124.3@e303@f4
    
    巴比伦文明/冯慧娟编.-长春:吉林出版集团有限责任公司,2019
    157页:图;22cm.-(全民阅读·经典小丛书)
    
    
    ISBN 978-7-5534-7787-9:CNY32.00
    在已没落的各种古代文明中, 巴比伦文明几乎是最伟大的一个文明, 这个强大的帝国给后人留下了壮观的圆形竞技场、众多精美的雕塑以及种种引人遐想的神话传说。以近几年最新的考古发现为基础, 结合最新的历史研究, 融巴比伦军事、建筑、文学、艺术等方面为一体, 呈献给广大读者一个全新的立体生动的巴比伦帝国。
●
相关链接 在E读中查询图书 在五车中查询图书 在当当中查询图书 在豆瓣中查询图书


正题名:巴比伦文明     索取号:K124.3/303         预约/预借

序号 登录号 条形码 馆藏地/架位号 状态 备注
1 1184105   211841051   第二样本阅览室/ [索取号:K124.3/303] 在馆    
2 1184106   211841060   第二借阅区/ [索取号:K124.3/303] 在馆    
3 1184107   211841079   第二借阅区/ [索取号:K124.3/303] 在馆    
4 1184108   211841088   第二借阅区/ [索取号:K124.3/303] 在馆    
唐山师范学院图书馆 欢迎您!
大连网信软件有限公司© 版权所有